| 000 | 00547ntaaa2200205 4500 | ||
|---|---|---|---|
| 003 | 01 | ||
| 005 | 20251027203120.0 | ||
| 008 | 0714s1973 ag 01 | ||
| 040 |
_aAR-BaBN _bspa _cAR-BaBN _eaacr _dRIC |
||
| 082 | _a232.0000 C91q | ||
| 100 |
_aCunningham, R.B. _914630 |
||
| 245 | _aQué hay de especial acerca de Jesús? | ||
| 250 | _a1 ed. | ||
| 260 |
_aEl Paso : _bCasa Bautista de Publicaciones, _c1973 |
||
| 300 |
_a31 p ; _ccubierta |
||
| 650 | _aSerie | ||
| 650 |
_aBarocio,Victoria L.de tr. _932730 |
||
| 650 | _aJesucristo | ||
| 942 | _cBK | ||
| 999 |
_c26618 _d26618 |
||